000 00683nam a2200289Ia 4500
005 20260324125528.0
008 008 260324s9999 xx 000 0 eng d
020 _a9780203884409
037 _aEBOOK
040 _aCRL
040 _beng
040 _cCRL
041 _2eng
041 _aeng
084 _qCRL
100 _aDavid Chandler
_91050152
245 0 _aStatebuilding and Intervention
245 0 _bPolicies, Practices and Paradigms
260 _bTaylor and Francis
260 _c2009
365 _a
365 _b240
856 _uhttp://www.taylorfrancis.com/books/9780203884409
942 _cEBOOK
999 _c1773680
_d1773680